5HLuxD.jpg

KING HENRY VIII SENIOR AND PRIMARY SCHOOL LIBRARY OPAC

Magnus Chase and the Gods of Asgard. (Record no. 3919)

000 -LEADER
fixed length control field 01780cam a2200373 i 4500
003 - CONTROL NUMBER IDENTIFIER
control field OSt
005 - DATE AND TIME OF LATEST TRANSACTION
control field 20241119162905.0
008 - FIXED-LENGTH DATA ELEMENTS--GENERAL INFORMATION
fixed length control field 161121s2016 nyu j 000 1 eng d
020 ## - INTERNATIONAL STANDARD BOOK NUMBER
International Standard Book Number 9781368000307
040 ## - CATALOGING SOURCE
Original cataloging agency BTCTA
Language of cataloging eng
Transcribing agency BTCTA
Modifying agency YDXCP
-- OCLCQ
-- AZZPT
Description conventions rda
Modifying agency CaOL
-- KH8
082 ## - DEWEY DECIMAL CLASSIFICATION NUMBER
Classification number FIC RIO
100 1# - MAIN ENTRY--PERSONAL NAME
Personal name Riordan, Rick,
Relator term author.
245 10 - TITLE STATEMENT
Title Magnus Chase and the Gods of Asgard.
Name of part/section of a work The hammer of Thor /
Statement of responsibility, etc. Rick Riordan.
246 30 - VARYING FORM OF TITLE
Title proper/short title Gods of Asgard.
Name of part/section of a work The hammer of Thor.
246 30 - VARYING FORM OF TITLE
Title proper/short title Hammer of Thor.
250 ## - EDITION STATEMENT
Edition statement First edition.
264 #1 - PRODUCTION, PUBLICATION, DISTRIBUTION, MANUFACTURE, AND COPYRIGHT NOTICE
Place of production, publication, distribution, manufacture Los Angeles :
Name of producer, publisher, distributor, manufacturer Disney/Hyperion,
Date of production, publication, distribution, manufacture, or copyright notice 2016.
300 ## - PHYSICAL DESCRIPTION
Extent viii, 468 pages ;
Dimensions 22 cm.
336 ## - CONTENT TYPE
Content type term text
Source rdacontent.
337 ## - MEDIA TYPE
Media type term unmediated
Source rdamedia.
338 ## - CARRIER TYPE
Carrier type term volume
Source rdacarrier.
490 1# - SERIES STATEMENT
Series statement Magnus Chase and the gods of Asgard ;
Volume/sequential designation Book 2.
520 ## - SUMMARY, ETC.
Summary, etc. Thor's hammer is missing again. The thunder god has a disturbing habit of misplacing his weapon, the mightiest force in the Nine Worlds. This time the hammer isn't just lost, it has fallen into enemy hands. If Magnus Chase and his friends can't retrieve the hammer quickly, the mortal worlds will be defenseless against an onslaught of giants. Unfortunately, the only person who can broker a deal for the hammer's return is the gods' worst enemy, Loki, and the price he wants is very high.
586 ## - AWARDS NOTE
Awards note 2017 Stonewall Book Award.
600 00 - SUBJECT ADDED ENTRY--PERSONAL NAME
Personal name Thor
Titles and other words associated with a name (Norse deity)
Form subdivision Juvenile fiction.
650 #0 - SUBJECT ADDED ENTRY--TOPICAL TERM
Topical term or geographic name entry element Homeless children
Form subdivision Juvenile fiction.
650 #0 - SUBJECT ADDED ENTRY--TOPICAL TERM
Topical term or geographic name entry element Giants (Folklore)
Form subdivision Juvenile fiction.
650 #0 - SUBJECT ADDED ENTRY--TOPICAL TERM
Topical term or geographic name entry element Teenage boys
Form subdivision Juvenile fiction.
650 #0 - SUBJECT ADDED ENTRY--TOPICAL TERM
Topical term or geographic name entry element Mythology, Norse
Form subdivision Juvenile fiction.
650 #0 - SUBJECT ADDED ENTRY--TOPICAL TERM
Topical term or geographic name entry element Quests (Expeditions)
Form subdivision Juvenile fiction.
650 #7 - SUBJECT ADDED ENTRY--TOPICAL TERM
Topical term or geographic name entry element Fantasy fiction.
Source of heading or term genre.
830 #0 - SERIES ADDED ENTRY--UNIFORM TITLE
Uniform title Magnus Chase and the gods of Asgard ;
Volume/sequential designation 2.
942 ## - ADDED ENTRY ELEMENTS (KOHA)
Source of classification or shelving scheme
Koha item type Books - Fiction
Holdings
Withdrawn status Lost status Source of classification or shelving scheme Damaged status Not for loan Collection code Permanent Location Current Location Shelving location Date acquired Total Checkouts Total Renewals Full call number Barcode Date last seen Date last checked out Price effective from Koha item type
          Fiction KH8 Primary School Library KH8 Primary School Library Fiction 2024-11-19 3 1 FIC RIO KHPL000004618 2025-12-05 2025-11-19 2024-11-19 Books - Fiction

Powered By KH8 IT Dept